Fr. Conceicao Rodrigues College of Engineering

MAN'S SEARCH FOR MEANING (Record no. 30732)

MARC details
000 -LEADER
fixed length control field 00379nam a2200169Ia 4500
082 ## - DEWEY DECIMAL CLASSIFICATION NUMBER
Classification number 170/FRA
Item number FRA
100 ## - MAIN ENTRY--PERSONAL NAME
Personal name FRANKL/VIKTOR E.
245 ## - TITLE STATEMENT
Title MAN'S SEARCH FOR MEANING
260 ## - PUBLICATION, DISTRIBUTION, ETC.
Name of publisher, distributor, etc. BETTER YOURSELF BOOK
Place of publication, distribution, etc. Bandra
Date of publication, distribution, etc. 1962
366 ## - TRADE AVAILABILITY INFORMATION
Publishers's discount category 25
300 ## - PHYSICAL DESCRIPTION
Extent 120
546 ## - LANGUAGE NOTE
Language note ENGLISH
650 ## - SUBJECT ADDED ENTRY--TOPICAL TERM
Topical term or geographic name entry element PHILOPSOPHY
654 ## - SUBJECT ADDED ENTRY--FACETED TOPICAL TERMS
Focus term MAN'S SEARCH FOR MEANING
942 ## - ADDED ENTRY ELEMENTS (KOHA)
Koha item type BOOK
Holdings
Withdrawn status Lost status Damaged status Not for loan Collection Home library Current library Date acquired Source of acquisition Cost, normal purchase price Inventory number Total Checkouts Total Renewals Full call number Barcode Date last seen Date last checked out Cost, replacement price Price effective from Koha item type
        CRC Fr. Agnel's C.Rodrigues College of Engineering AGNEL TECHNICAL COLLEGE LIBRARY 17/03/2023 Better Yourself Books 15.00 1028/DT.04/09/2007 2 1 170/FRA FRA 17790 25/03/2025 03/03/2025 40.00   BOOK